Catálogo público

Sistemática jurídica del problema agrario / (Record no. 171656)

MARC details
000 -CABECERA
campo de control de longitud fija 00679nam a2200229Ia 4500
001 - NÚMERO DE CONTROL
campo de control dia_1110
003 - IDENTIFICADOR DEL NÚMERO DE CONTROL
campo de control CHAP
005 - FECHA Y HORA DE LA ÚLTIMA TRANSACCIÓN
campo de control 20230120102510.0
008 - DATOS DE LONGITUD FIJA--INFORMACIÓN GENERAL
campo de control de longitud fija 220117s1968 xx 000 0 und d
010 ## - NÚMERO DE CONTROL DE LA BIBLIOTECA DEL CONGRESO
Número de control de LC 171656
040 ## - FUENTE DE LA CATALOGACIÓN
Centro/agencia transcriptor CHAP
082 ## - NÚMERO DE LA CLASIFICACIÓN DECIMAL DEWEY
Número de clasificación 348.4972 L44
100 ## - ENTRADA PRINCIPAL--NOMBRE DE PERSONA
Nombre de persona Lemus García, Raúl
9 (RLIN) 65959
245 ## - MENCIÓN DE TÍTULO
Título Sistemática jurídica del problema agrario /
Mención de responsabilidad, etc. por Sergio Lemus García
260 ## - PUBLICACIÓN, DISTRIBUCIÓN, ETC.
Lugar de publicación, distribución, etc. México :
Nombre del editor, distribuidor, etc. ,
Fecha de publicación, distribución, etc. 1968
400 ## - MENCIÓN DE SERIE/PUNTO DE ACCESO ADICIONAL--NOMBRE DE PERSONA [OBSOLETO, CAN/MARC], [LOCAL, USA]
Nombre de persona REVISTA DEL MEXICO AGRARIO, No. 2,5,91
650 ## - PUNTO DE ACCESO ADICIONAL DE MATERIA--TÉRMINO DE MATERIA
Término de materia o nombre geográfico como elemento de entrada Sistemática jurídica
Subdivisión general Agrario
9 (RLIN) 150044
901 ## - ELEMENTOS DE DATOS A LOCAL LDA (RLIN)
a 348.4972 L44
902 ## - ELEMENTOS DE DATOS B LOCAL, LDB (RLIN)
a M
905 ## - ELEMENTOS DE DATOS E LOCAL, LDE (RLIN)
a 0000001968 mx X 0000000000spa00
942 ## - ELEMENTOS DE PUNTO DE ACCESO ADICIONAL (KOHA)
Tipo de ítem Koha Libro
Fuente del sistema de clasificación o colocación Dewey Decimal Classification
Holdings
Estado de retiro Estado de pérdida Fuente del sistema de clasificación o colocación Estado dañado No para préstamo Código de colección Localización permanente Ubicación/localización actual Fecha de adquisición Información codificada de la localización en otra ubicación Total de préstamos Signatura topográfica completa Código de barras Fecha visto por última vez Número de copia Precio válido a partir de Tipo de ítem Koha
    Dewey Decimal Classification     General Ingenieria Agroindustrial Ingenieria Agroindustrial 18/01/2022 1   348.4972 L44 dia_121 18/01/2022 1 18/01/2022 Libro